[Event "Belgrade-chTB Quality"]
[Site "Belgrade"]
[Date "2018.10.06"]
[Round "3.8"]
[White "Milinkovic, Slavko"]
[Black "Popovic, Sava"]
[Result "0-1"]
[WhiteElo "1673"]
[BlackElo "1820"]
[PlyCount "62"]
[EventDate "2018.09.29"]
[EventType "team-tourn"]
[EventRounds "11"]
[EventCountry "SRB"]
[SourceTitle "CBM 187 Extra"]
[Source "ChessBase"]
[SourceDate "2018.11.04"]
[SourceVersion "1"]
[SourceVersionDate "2018.11.04"]
[SourceQuality "1"]
[WhiteTeam "Belgrade Turbina"]
[BlackTeam "Belgrade Visan"]
[WhiteTeamCountry "SRB"]
[BlackTeamCountry "SRB"]

1. e4 e6 2. Nf3 d5 3. exd5 exd5 4. d4 Nf6 5. Be2 Bd6 6. Bg5 0-0 7. Nbd2 Bg4 8. 0-0 Re8 9. Re1 c6 10. Nf1 Nbd7 11. Bh4 Qb6 12. Rb1 Bxf3 13. gxf3 Re6 14. Bg3 Rae8 15. Ne3 Nh5 16. Ng2 Qc7 17. Qd2 Nxg3 18. fxg3 c5 19. dxc5 Qxc5+ 20. Kf1 Rh6 21. Nh4 Rxh4 22. gxh4 Bxh2 23. Kg2 Qd6 24. Qg5 Bf4 25. Qf5 g6 26. Qh3 Bd2 27. Kf1 Bxe1 28. Rxe1 Nf6 29. Qg2 Nh5 30. Qf2 Qe5 31. Bd3 Ng3+ 0-1